The logical structure of linguistic theory /

Đã lưu trong:
書目詳細資料
主要作者: Anderson, Stephen R.
格式: Bài viết
語言:English
主題:
標簽: 添加標簽
沒有標簽, 成為第一個標記此記錄!
Thư viện lưu trữ: Thư viện Trường Đại học Đà Lạt
LEADER 00754nam a2200253 4500
001 DLU090069331
005 ##20090511
040 # # |a DLU  |b eng 
041 # # |a eng 
044 # # |a US 
100 # # |a Anderson, Stephen R.  
245 # # |a The logical structure of linguistic theory /  |c Stephen R. Anderson. 
653 # # |a Linguistics 
653 # # |a Philosophy 
773 # # |t Language : Journal of the Linguistic Society of America   |g Vol. 84, no. 4 (December 2008), p. 795-814 
920 # # |a Phòng Tạp chí -- Trung tâm Thông tin - Thư viện Trường Đại học Đà Lạt 
994 # # |a DLU 
900 # # |a True 
911 # # |a Trương Bảo Trâm Anh 
925 # # |a G 
926 # # |a A 
927 # # |a BB 
980 # # |a Thư viện Trường Đại học Đà Lạt